| 000 | 00595nas a22001937a 4500 | ||
|---|---|---|---|
| 999 |
_c4092 _d4092 |
||
| 003 | OSt | ||
| 005 | 20200904022124.0 | ||
| 008 | 200206c20029999spcar p ||||||0|| ||spa|d | ||
| 040 |
_bcat _cCDMR |
||
| 245 | 0 | 0 |
_aAnuario de la comunicación _cADC DirCom, Asociación de Directivos de Comunicación |
| 260 |
_aBellaterra: _bDIRCOM, _c2002- |
||
| 310 | _aAnual | ||
| 362 | 0 | _a2002- | |
| 650 | 4 |
_aPremsa _zEspanya _xDirectoris |
|
| 650 | 4 |
_aComunicació _xAnuaris |
|
| 650 | 4 |
_aMitjans de comunicació de massa _zEspanya _xDirectoris |
|
| 650 | 4 |
_aMitjans de comunicació de massa _xAnuaris |
|
| 942 | _cSER | ||